| 000 | 01108nam0a2200301 4500 | ||
|---|---|---|---|
| 001 | RU\NLR\BIBL_A\011345913 | ||
| 005 | 20250626050308.0 | ||
| 010 |
_a978-5-389-11847-8 _910000 |
||
| 021 |
_aRU _b2017-9375 _9687 |
||
| 035 | _a(NLR Aleph) 011345913 | ||
| 090 |
_a11217792 _c11217792 |
||
| 100 | _a20170314d2016 |||y0rusy50 ca | ||
| 101 | 1 |
_arus _ceng |
|
| 102 |
_aRU _aUA |
||
| 105 | _ay|||z|||000 | ||
| 200 | 1 |
_aAssassin's Creed _iОтверженный _e[роман] _fОливер Боуден _g[перевод с английского Игоря Иванова] |
|
| 210 |
_aСанкт-Петербург [и др.] _cАзбука [и др.] _d2016 _d(макет 2017) |
||
| 215 |
_a444, [3] с. _d21 |
||
| 225 | 1 | _aВпервые на русском языке! | |
| 320 | _aДр. кн. авт. на 2-й с. | ||
| 333 | _a16+ | ||
| 686 | 1 | _aШ6(4Вл)67-442(Лх1299-51) | |
| 700 | 1 |
_7ca _8rus _aБоуден _bО. _f1948- _gОливер _9162832 _3RU\NLR\AUTH\770162876 |
|
| 942 | _cBOOK | ||
| 980 | _aNB | ||